书目信息 |
| 题名: |
水利工程水下探测技术
|
|
| 作者: | 赵钢 , 王茂枚 , 徐毅 编著 | |
| 分册: | ||
| 出版信息: | 北京 中国水利水电出版社 2017 |
|
| 页数: | 382页 | |
| 开本: | 26cm | |
| 丛书名: | ||
| 单 册: | ||
| 中图分类: | P64 | |
| 科图分类: | ||
| 主题词: | 水利工程--shui li gong cheng--水文地质勘探--水下探测 | |
| 电子资源: | ||
| ISBN: | 978-7-5170-5550-1 | |
| 000 | 00928nam0 2200277 450 | |
| 001 | 012001003397 | |
| 005 | 20140130141455.0 | |
| 010 | @a978-7-5170-5550-1@dCNY98.00 | |
| 099 | @aCAL 012018046672 | |
| 100 | @a20180426d2017 em y0chiy50 ea | |
| 101 | 0 | @achi |
| 102 | @aCN@b110000 | |
| 105 | @aak a 000yy | |
| 106 | @ar | |
| 200 | 1 | @a水利工程水下探测技术@Ashui li gong cheng shui xia tan ce ji shu@f赵钢, 王茂枚, 徐毅编著 |
| 210 | @a北京@c中国水利水电出版社@d2017 | |
| 215 | @a382页@c图@d26cm | |
| 320 | @a有书目 | |
| 330 | @a本书主要内容包括:水下测量技术、水下光学探测技术、水下声学探测技术、水下电磁学探测技术以及水下探测辅助技术等5部分. | |
| 606 | 0 | @a水利工程@Ashui li gong cheng@x水文地质勘探@x水下探测 |
| 690 | @aP64@v5 | |
| 701 | 0 | @a赵钢@Azhao gang@4编著 |
| 701 | 0 | @a王茂枚@Awang mao mei@4编著 |
| 701 | 0 | @a徐毅@Axu yi@4编著 |
| 801 | 2 | @aCN@b北京卓展@c20191020 |
| 905 | @b1211487-90@dP64@e122@f4 | |
| 水利工程水下探测技术/赵钢, 王茂枚, 徐毅编著.-北京:中国水利水电出版社,2017 |
| 382页:图;26cm |
| ISBN 978-7-5170-5550-1:CNY98.00 |
| 本书主要内容包括:水下测量技术、水下光学探测技术、水下声学探测技术、水下电磁学探测技术以及水下探测辅助技术等5部分. |
| ● |
| 相关链接 |
|
|
|
|
正题名:水利工程水下探测技术
索取号:P64/122
 
预约/预借
| 序号 | 登录号 | 条形码 | 馆藏地/架位号 | 状态 | 备注 |
| 1 | 1211487 | 212114870 | 第二样本阅览室/ [索取号:P64/122] | 在馆 | |
| 2 | 1211488 | 212114889 | 第三借阅区/ [索取号:P64/122] | 在馆 | |
| 3 | 1211489 | 212114898 | 第三借阅区/ [索取号:P64/122] | 在馆 | |
| 4 | 1211490 | 212114905 | 第三借阅区/ [索取号:P64/122] | 在馆 |